1838 1041 1333 1404 1632 1055 1317 1020 1898 1162 1720 1179 1747 1598 1126 1511 1426 1215 1390 1464 1795 1706 1095 1914 1360 1999 1577 1868 1786 1891 1066 1876 1954 1253 1710 1365 1237 1618 1798 1326 1607 1236 1502 1508 1569 1199 1800 1129 1166 1096 1099 1382 1532 1670 1531 1487 1319 1321 1827 1108 1227 1032 1383 1780 1543 1426 1338 1981 1807 1199 1645 1475 1409 1785 1625 1632 1201 1880 1825 1134 1537 1011 1367 1745 1641 1512 1631 1249 1783 1276 1928 1261 1572 1713 1802 1766 1407 1212 1769 BCNSPRNW ULIB Ver.6.0+V

เปลี่ยนเป็นภาษาไทย

Change to English
 แสดงรายละเอียดบรรณานุกรม
  กลับหน้าหลัก

Brief Record : Get Marc (ISO 2709) : E-mail record : QR code < ปิดหน้าต่าง
LEADER : 00000nam 2200000uu 4500
001    13399114771
003     ULIB
008    120517s2554||||th 000 0 tha d
020    ^a9786167342511
050  4 ^aQA76.76^bอ568ร
100 0  ^aอัมรินทร์ เพ็ชรกุล
245 00 ^aเรียนรู้และใช้งานคอมพิวเตอร์ Windows7 และ Office2010 /^cอัมรินทร์ เพ็ชรกุล
260    ^aกรุงเทพฯ :^bซิมพลิฟาย,^c2554
300    ^a504 หน้า :^bภาพประกอบ
650  7 ^aคอมพิวเตอร์
650  7 ^aWindows7
650  7 ^aOffice2010
945    ^p199^l0^i19054
995    ^aกัณชพร
999 ^a ใช้งานได้ทุกระบบ
รายการนี้ยังไม่มีแท็ก
คุณยังไม่ได้ล็อกอิน คุณสามารถมีกิจกรรมร่วมกับเว็บไซต์ได้ แต่ต้องล็อกอินก่อน ::
  ล็อกอิน

รายการสื่อสารสนเทศ

ลำดับที่ ประเภท เลขเรียก/บาร์โค้ด สถานที่ สถานะ
- ไม่พบข้อมูล -

รายการใกล้เคียง
    ผู้แต่ง [อัมรินทร์ เพ็ชรกุล]

    หัวเรื่อง [คอมพิวเตอร์]
    หัวเรื่อง [Windows7]
    หัวเรื่อง [Office2010]

BibComment


ยังไม่เคยถูกคอมเมนท์

คอมเมนท์ทรัพยากรรายการนี้
  คอมเมนท์: เรียนรู้และใช้งา..


 Copyright 2026. Bcnsprnw @Library